Представление документа в формате RUSMARC

ПолеНазваниеЗначение
  Тип записи a
  Библиографический уровень m
001 Контрольный номер RU/SLIB/B/208766367
005 Дата корректировки 20201206204242.2
010 Индекс ISBN __
d Цена 40-00
101 Язык документа 0_
a Язык текста rus
200 Заглавие и сведения об ответственности 1_
a Заглавие Семейный альбом
f Первые сведения об ответственности ред. и сост. Л. Перцевая
b Общее обозначение материала Текст
210 Выходные данные __
a Место издания [М.]
c Издательство [ГУП Эксперимент. тип. Ком. РФ по печати]
d Дата издания [2001]
215 Физическое описание __
a Объем 107 с.
601 Наименование организации как предмет __
a Наименование организации как предмет ЮКОС
606 Тематические рубрики __
a Основная рубрика Экономика
a Основная рубрика Экономика топливной промышленности
y Географическая подрубрика Россия ; РФ ; Российская Федерация ; Тюменская область ; ХМАО ; Ханты-Мансийский автономный округ
610 Ключевые слова __
a Ключевые слова биографии; фотографии; краеведение; нефтяная промышленность; история
686 Индексы других классификаций __
a Классификационный индекс К65.305.143(2Рос)
702 Вторичная интеллектуальная ответственность _1
a Фамилия Перцевая
b Имя Л.
4 Код отношения Составитель
4 Код отношения 220
4 Код отношения 340
801 Источник записи _0
a Страна RU
b Организация Муниципальное бюджетное учреждение культуры "Централизованная библиотечная система" г. Сургут (Центральная городская библиотека им. А. С. Пушкина)
g Правила каталогизации КиК/Гришунина
801 Источник записи _1
a Страна RU
b Организация Муниципальное бюджетное учреждение культуры "Централизованная библиотечная система" г. Сургут (Центральная городская библиотека им. А. С. Пушкина)
g Правила каталогизации КиК/Гришунина
852 Данные о местонахождении __
j Шифр хранения К65.305.143(2Рос)
c Каталожный индекс К65.304.13(2Рос)
i Авторский знак С 30
p Инвентарный номер 04060206
901 Тип документа __
t Тип документа m
903 Характеристики (МАРС) __
a Дата передачи 20040621
990 Данные о заказе (DOS) __
j Количество экземпляров (DOS) 1
t N записи в КСУ для И/У (DOS) 200406